| 000 | 00829nam a2200241Ia 4500 | ||
|---|---|---|---|
| 001 | 4395 | ||
| 003 | GE_BSU | ||
| 008 | 181216s||||||||xx |||||||||||||| ||und|| | ||
| 040 | _cGE_BSU | ||
| 080 | _a546.05:542 | ||
| 100 | _aКарякин,Ю.В. Ангелов,И.И. | ||
| 245 | _aЧистые химические вещества. | ||
| 245 | _bРуководство по приготовлению неорганических реактивов и препаратов в лабораторных условиях. | ||
| 245 | _cРед. Л.Н. Ларичева. | ||
| 250 | _aИзд. 4-е пер. и доп. | ||
| 260 | _aМ. | ||
| 260 | _bХимия. | ||
| 260 | _c1974. | ||
| 300 | _a408стр. 23 см. | ||
| 300 | _e66 рис. | ||
| 653 | _aЧистые химические вещества. | ||
| 942 | _cBK | ||
| 999 |
_c38385 _d38385 |
||